Statistiche per Riconosci la Squadra di calcio - Quiz n°5

Clicka qui per fare il quiz!

Statistiche generali

  • Questo quiz è stato fatto 29 volte
  • Il punteggio medio è 7 su 10

Statistiche sulle risposte

IndizioRisposta% Corretto
Colori socialiBlu, bianco
100%
Titoli nazionali2 Bundesliga 2
91%
SimboliGiglio
87%
Divisione nazionale 2023-2024Prima
78%
Trofei nazionali0
74%
Trofei internazionali0
70%
ConfederazioneUEFA
65%
Capienza Stadio17 000 posti
57%
Fondazione1898
57%
SquadraDarmstadt
39%

Distribuzione punteggi

Percentile per numero di risposta

Percentuale di utenti per punteggio

I tuoi punteggi nel tempo

Non hai fatto questo quiz